El estilo Starbucks : (Registro nro. 4616)

Detalles MARC
000 -LEADER
fixed length control field 01726nam a2200241Ia 4500
003 - CONTROL NUMBER IDENTIFIER
control field OSt
005 - DATE AND TIME OF LATEST TRANSACTION
control field 20210108113213.0
008 - FIXED-LENGTH DATA ELEMENTS--GENERAL INFORMATION
fixed length control field 191128s2007 ck ao gr 000 0 spa d
020 ## - INTERNATIONAL STANDARD BOOK NUMBER
International Standard Book Number 8423424766
040 ## - CATALOGING SOURCE
Original cataloging agency CO-JMCR
Transcribing agency CO-JMCR
041 0# - LANGUAGE CODE
Language code of text/sound track or separate title spa
082 04 - DEWEY DECIMAL CLASSIFICATION NUMBER
Classification number 658.827 /
Item number S592e
Edition number 23
100 1# - MAIN ENTRY--PERSONAL NAME
Personal name Simmons, John,
Relator term autor
9 (RLIN) 12793
245 13 - TITLE STATEMENT
Title El estilo Starbucks :
Remainder of title cómo crear un hogar fuera de hogar /
Statement of responsibility, etc. John Simmons
260 ## - PUBLICATION, DISTRIBUTION, ETC.
Place of publication, distribution, etc. Barcelona :
Name of publisher, distributor, etc. Ediciones Deusto,
Date of publication, distribution, etc. 2007
300 ## - PHYSICAL DESCRIPTION
Extent 186 páginas :
Other physical details ilustraciones y fotografías a blanco y negro ;
Dimensions 23 cm.
505 0# - FORMATTED CONTENTS NOTE
Formatted contents note Todo empezó con un grano de café -- El inicio del viaje -- Ampliar el horizonte -- Amigos y vecinos -- En dirección a otro lugar -- Aquí, allá y acullá -- Hacerlo bien y hacer el bien
520 3# - SUMMARY, ETC.
Summary, etc. El café es un bien de consumo. Podemos tomar una taza de café en cualquier cafetería, bar o restaurante. Por ello es tan espectacular el modo en que Starbucks consiguió reinventar el café y hacer de él toda una experiencia nueva. Este libro cuenta la historia desde los orígenes en un mercado de pescado de Seattle hasta su presencia actual en todo el mundo, nos revela los secretos que se esconden tras su éxito, da las claves del "fenómeno Starbucks", que ha pasado en 15 años de ser una marca desconocida a colocarse entre las 50 marcas mundiales más valiosas, cuyo impacto es tan grande que se ha convertido en una marca que simboliza la edad moderna, construida a partir de la creación de una experiencia que puede reproducirse de forma uniforme en todo el mundo.
650 14 - SUBJECT ADDED ENTRY--TOPICAL TERM
Topical term or geographic name entry element Grandes casos empresariales
9 (RLIN) 12794
650 14 - SUBJECT ADDED ENTRY--TOPICAL TERM
Topical term or geographic name entry element Éxito en los negocios
9 (RLIN) 605
650 24 - SUBJECT ADDED ENTRY--TOPICAL TERM
Topical term or geographic name entry element Administración de empresas
9 (RLIN) 12795
942 ## - ADDED ENTRY ELEMENTS (KOHA)
Source of classification or shelving scheme Dewey Decimal Classification
Koha item type Books
Existencias
Withdrawn status Lost status Source of classification or shelving scheme Damaged status Not for loan Collection code Home library Current library Date acquired Source of acquisition Total Checkouts Total Renewals Full call number Barcode Date last seen Date last checked out Copy number Koha item type
    Dewey Decimal Classification     Non-fiction Biblioteca Pública José María del Castillo y Rada Biblioteca Pública José María del Castillo y Rada 04/15/2018 Donación 3 2 658.827 / S592e 201809555 04/07/2025 03/03/2025 Ej.1 Books